(Pour cinéphiles) Histoire du cinéma français en 100 films (par image) - Statistiques

Statistiques générales
  • Ce quiz a été pris 47 fois
  • Le résultat moyen est 24 sur 100
Statistiques - réponses
Par images Hint Réponse % Correct
Francis Veber (1998) Le Dîner de cons
81%
Georges Méliès (1902) Le Voyage dans la lune
81%
Jean-Jacques Vierne (1961) Tintin et le Mystère de la Toison d’or
74%
Carl Theodor Dreyer (1928) La Passion de Jeanne d'Arc
57%
Claude Zidi (1976) L'Aile ou la cuisse
55%
Yves Robert (1990) La Gloire de mon père
52%
Gérard Oury (1966) La Grande vadrouille
52%
Auguste et Louis Lumière (1895) L'Arroseur arrosé
52%
Henri Verneuil (1959) La Vache et le prisonnier
52%
Jean Girault (1968) Le Gendarme se marie
52%
Gérard Oury (1965) Le Corniaud
50%
Claude Berri (1986) Jean de Florette
48%
Pierre Granier-Deferre (1971) Le Chat
48%
Marcel Carné (1945) Les Enfants du Paradis
48%
Maurice Pialat (1987) Sous le soleil de Satan
48%
Henri Verneuil (1962) Un singe en hiver
45%
Claude Autant-Lara (1956) La Traversée de Paris
43%
Henri-Georges Clouzot (1953) Le Salaire de la peur
43%
Georges Lautner (1963) Les Tontons flingueurs
43%
Jacques Tati (1958) Mon oncle
43%
René Clément (1952) Jeux interdits
40%
Sylvain Chomet (2003) Les Triplettes de Belleville
40%
Jean Renoir (1937) La Grande illusion
38%
Yves Robert (1972) Le Grand blond avec une chaussure noire
38%
Francis Veber (1983) Les Compères
38%
Alexandre Korda (1931) Marius
38%
Claude Lelouch (1972) L'Aventure, c'est l'aventure
36%
Philippe de Broca (1964) L'Homme de Rio
36%
Jacques Tati (1967) Playtime
36%
Robert Bresson (1951) Le Journal d'un curé de campagne
29%
Julien Duvivier (1952) Le Petit monde de don Camillo
29%
Georges Lautner (1981) Le Professionnel
29%
Denys de La Patellière (1961) Un taxi pour Tobrouk
29%
Jacques Tati (1949) Jour de fête
26%
Marcel Pagnol (1940) La Fille du Puisatier
26%
Sacha Guitry (1954) Si Versailles m'était conté ...
26%
Pierre Morel (2008) Taken / L'Enlèvement
26%
Gilles Grangier (1963) La Cuisine au beurre
24%
Pierre Schoendoerffer (1977) Le Crabe-Tambour
24%
Jean Becker (1999) Les Enfants du marais
24%
Francis Veber (1986) Les Fugitifs
24%
Jean-Paul Le Chanois (1958) Les Misérables
24%
François Truffaut (1975) L'Histoire d'Adèle H
24%
Eric Rohmer (1969) Ma nuit chez Maud
24%
Patrice Leconte (1989) Monsieur Hire
24%
André Hunebelle (1959) Le Bossu
21%
Antoine Blossier (2018) Rémi sans famille
21%
Louis Feuillade (1913) Fantômas : À l'ombre de la guillotine
19%
Henri Verneuil (1979) I ... comme Icare
19%
Gilles Legrand (2004) Malabar Princess
19%
René Clément (1970) Le Passager de la pluie
17%
Abel Gance (1919) J'accuse
14%
Jean Yanne (1979) Je te tiens, tu me tiens par la barbichette
14%
Eric Rohmer (1993) L'Arbre, le maire et la médiathèque
14%
André Calmettes et Charles Le Bargy (1908) L'Assassinat du duc de Guise
14%
Jacques Deray (1983) Le Marginal
14%
Édouard Molinaro (1992) Le Souper
14%
Sylvain Chomet (2025) Marcel et monsieur Pagnol
14%
Marcel Pagnol (1937) Regain
14%
Louis Gasnier (1933) Topaze
14%
Christian Carion (2001) Une hirondelle a fait le printemps
14%
Albert Lamorisse (1953) Crin Blanc
12%
Henri Colpi (1970) Heureux qui comme Ulysse
12%
Paul Mignot et Vincent Mottez (2023) Vaincre ou mourir
12%
Philippe Le Guay (2013) Alceste à bicyclette
10%
René Clair (1931) À nous la liberté !
10%
Édouard Bergeon (2019) Au nom de la terre
10%
Jean Sagols (2011) Je m'appelle Bernadette
10%
Pierre Schoendoerffer (1965) La 317e section
10%
Henri Decoin (1942) Les Inconnus dans la maison
10%
Georges Lautner (1966) Ne nous fâchons pas
10%
René Clair (1925) Paris qui dort
10%
Claude Berri (1990) Uranus
10%
Gérard Blain (2000) Ainsi soit-il
7%
Georges Franju (1963) Judex
7%
Abel Gance (1931) La Fin du monde
7%
Pierre Granier-Deferre (1970) La Horse
7%
Jean-Pierre Melville (1963) L'Aîné des Ferchaux
7%
Jean Grémillon (1944) Le Ciel est à vous
7%
Léo Joannon (1954) Le Défroqué
7%
Philippe Agostini et Raymond Léopold Bruckberger (1960) Le Dialogue des carmélites
7%
Marcel Pagnol (1954) Les Lettres de mon moulin
7%
Maurice Cloche (1947) Monsieur Vincent
7%
Julien Duvivier (1946) Panique
7%
Richard Dembo (1984) La Diagonale du fou
5%
Louis Delluc (1922) La Femme de nulle part
5%
François Reichenbach (1973) La Raison du plus fou
5%
Serge Leroy (1975) La Traque
5%
Ferdinand Zecca et Lucien Nonguet (1903) La Vie et la passion de Jésus-Christ
5%
Max Glass (1952) Le Chemin de Damas
5%
Alice Guy (1906) Le Noël de monsieur le curé
5%
Alexandre Astruc (1953) Le Rideau cramoisi
5%
Hubert Viel (2015) Les Filles au Moyen-âge
5%
Marcel Blistène (1949) Le Sorcier du ciel
5%
Sacha Guitry et Christian-Jaque (1937) Les Perles de la couronne
5%
Alain Bonnot (1984) Liste noire
5%
José Giovanni (1988) Mon ami le traitre
5%
Bernard Rapp (1996) Tiré à part
5%
Serge Korber (1967) Un idiot à Paris
5%
Julien Duvivier (1956) Voici le temps des assassins
5%
Aucun quiz correspondant
Distribution des résultats
% des personnes avec chaque résultat
Percentile par nombre de réponses
Votre historique - résultats
Vous n’avez pas pris ce quiz